Saaristoja satelliittikuvien mukaan - Statistics

Yleistilastot
  • Tätä visaa on pelattu 312 kertaa
  • Keskiarvotulos 7 / 16
Vastaustilastot
Kuvavisa Vastaus % Oikein
Japani
98%
Filippiinit
69%
Huippuvuoret
57%
{Kanarian}saaret
57%
{Fär}saaret
56%
Isot-{Antillit}
52%
Havaiji
51%
Malta
47%
{Falklandin}saaret
41%
Fidži
35%
Baleaarit
32%
Tulimaa
29%
{Galapagos}saaret
25%
Aleutit
24%
Pienet {Sundasaaret}
21%
{Shetlandin}saaret
20%
Ehtoja vastaavia visoja ei löytynyt
Tulosjakauma
Jokaisen tuloksen saaneiden osuus
Persentiili vastausten määrän mukaan
Tuloshistoriasi
Et ole pelannut tätä visaa